Obstetrics illustrated / (رقم التسجيلة. 24170)

تفاصيل مارك
000 -الفاتح
حقل البيانات ثابتة الطول 00756nam a22002297a 4500
003 - محدد رقم الضبط
رقم الضبط OSt
005 - وقت وتاريخ اخر تعامل مع التسجيلة
رقم الضبط 20150408114045.0
008 - عناصر البيانات ثابتة الطول - معلومات عامة
حقل البيانات ثابتة الطول 120623s2010 xxu||||g |||| 00| 0 eng d
020 ## - الرقم الدولى المعيارى للكتب
الرقم الدولى المعيارى للكتاب 9780702030789
040 ## - مصدر الفهرسة
وكالة النسخ MU
082 ## - رقم تصنيف ديوى العشرى
رقم الطبعة 22
رقم المادة H K O
رقم التصنيف 618
245 ## - بيان العنوان
العنوان Obstetrics illustrated /
بيان المسئوليه,etc Kevin P. Hanretty ; illustrated by Ian Ramsden; Robin Callander.
250 ## - بيان الطبعة
بيان الطبعة 7th ed.
260 ## - PUBLICATION, DISTRIBUTION, ETC. (IMPRINT)
مكان الناشر او الموزع Berlin ; Heidelberg :
اسم الناشر او الموزع Churchill Livingstone / Elsevier,
تاريخ النشر أو التوزيع 2010.
300 ## - الوصف المادى
التعداد 437 p. :
تفاصيل ماديه اخرى للوعاء ill. ;
أبعاد الوعاء 25 cm.
500 ## - تبصرة عامة
تبصرة عامة Includes index.
650 #4 - المدخل الاضافى بالموضوع-مصطلح موضوعى
مصطلح موضوعي أو اسم جغرافي كعنصر مدخل Obstetrics
التقسيم الفرعي العام Outlines, syllabi, etc.
9 (RLIN) 15914
650 #4 - المدخل الاضافى بالموضوع-مصطلح موضوعى
مصطلح موضوعي أو اسم جغرافي كعنصر مدخل Obstetrics
التقسيم الفرعي الشكلي Atlases.
9 (RLIN) 15915
700 1# - المدخل الاضافى - اسم شخصى
الإسم الشخصى Ramsden, Ian
الدور illustrated.
9 (RLIN) 15916
700 1# - المدخل الاضافى - اسم شخصى
الإسم الشخصى Callander, Robin
الدور illustrated.
9 (RLIN) 15917
942 ## - عناصر المدخل الإضافي( كوها)
مصدر التصنيف او مخطط الترفيف Dewey Decimal Classification
Koha [default] item type DVD
المقتنيات
حالة الفقد نموذج السعر الفعال حالة تلف ليس للاعارة رقم الطلب رقم النسخة تاريخ الاكتساب الموقع الحالي الباركود الفرع الرئيسي Date last seen نوع المادة فى نظام كوها مصدر التصنيف او خطة الترفيف Total Checkouts
  2013-03-10     618 H K O C. 1 2012-06-23 المكتبة المركزية بالمجمعة (CL) 00109982 المكتبة المركزية بالمجمعة (CL) 2013-03-10 كتاب Dewey Decimal Classification  
  2013-03-10     618 H K O C. 2 2012-06-23 المكتبة المركزية بالمجمعة (CL) 00109983 المكتبة المركزية بالمجمعة (CL) 2013-03-10 كتاب Dewey Decimal Classification  
  2013-03-10     618 H K O C. 3 2012-06-23 المكتبة المركزية بالمجمعة (CL) 00109984 المكتبة المركزية بالمجمعة (CL) 2013-03-10 كتاب Dewey Decimal Classification